| 000 | 00430pab a2200169 454500 | ||
|---|---|---|---|
| 008 | 180718b2012 xxu||||| |||| 00| 0 eng d | ||
| 100 | _aCheng, Zhiming | ||
| 245 | _aLayoff in China's city of textiles: Adaptation to change | ||
| 260 | _c2012 | ||
| 300 | _ap.155-181. | ||
| 362 | _aMay | ||
| 650 | _aLayoff systems | ||
| 700 | _aBeresford, Melanie | ||
| 773 | _aJournal of Contemporary Asia | ||
| 908 | _aN | ||
| 909 | _a96240 | ||
| 999 |
_c96240 _d96240 |
||